<?xml version="1.0" encoding="UTF-8"?>
<collection xmlns="http://www.loc.gov/MARC21/slim">
 <record>
  <leader>01629nam a22002897a 4500</leader>
  <controlfield tag="001">NCT_4_021087</controlfield>
  <controlfield tag="008">250524b        xxu||||| |||| 00| 0 vie d</controlfield>
  <datafield tag="999" ind1=" " ind2=" ">
   <subfield code="c">9030</subfield>
   <subfield code="d">9030</subfield>
  </datafield>
  <datafield tag="020" ind1=" " ind2=" ">
   <subfield code="a">97860475298</subfield>
   <subfield code="c">11500</subfield>
  </datafield>
  <datafield tag="082" ind1="0" ind2="4">
   <subfield code="2">23rd ed.</subfield>
   <subfield code="a">895.1</subfield>
   <subfield code="b">Tr513/T.38</subfield>
  </datafield>
  <datafield tag="100" ind1="1" ind2=" ">
   <subfield code="a">La Quán Trung</subfield>
  </datafield>
  <datafield tag="245" ind1="1" ind2="0">
   <subfield code="a">Tam quốc diễn nghĩa liên hoàn họa : </subfield>
   <subfield code="b">Truyện tranh</subfield>
   <subfield code="n">Tập 38</subfield>
   <subfield code="p">Núi Định Quân chém tướng</subfield>
   <subfield code="c">La Quán Trung (Nguyên tác) ; Phan Cần Mạnh, Điền Y (Lời) ; Chu Quang Ngọc, Uông Ngọc Sơn, Phùng Mặc Nông (Tranh) ; Trần Đình Chiến (Dịch)</subfield>
  </datafield>
  <datafield tag="250" ind1=" " ind2=" ">
   <subfield code="a">Tái bản lần thứ 1 </subfield>
  </datafield>
  <datafield tag="260" ind1=" " ind2=" ">
   <subfield code="a">H. </subfield>
   <subfield code="b">Văn học</subfield>
   <subfield code="c">2016</subfield>
  </datafield>
  <datafield tag="300" ind1=" " ind2=" ">
   <subfield code="a">118 tr.</subfield>
   <subfield code="b">Minh họa</subfield>
   <subfield code="c">16 x 12 cm </subfield>
  </datafield>
  <datafield tag="500" ind1=" " ind2=" ">
   <subfield code="a">Đông A biên chỉnh theo bản Tam quốc diễn nghĩa do Phan  Kế Bính dịch, Bùi Kỷ hiện đính, Nxb Phổ Thông, 1659-1960</subfield>
  </datafield>
  <datafield tag="520" ind1="3" ind2=" ">
   <subfield code="a">Tập kể về việc lão tướng Hoàng Trung chém Hạ Hầu Uyên, chiếm núi Định Quân, mở đường cho Lưu Bị lấy Hán Trung.</subfield>
  </datafield>
  <datafield tag="653" ind1=" " ind2=" ">
   <subfield code="a">Tham khảo</subfield>
  </datafield>
  <datafield tag="700" ind1="1" ind2=" ">
   <subfield code="a">Phan Cần Mạnh</subfield>
   <subfield code="e">Lời</subfield>
  </datafield>
  <datafield tag="700" ind1="1" ind2=" ">
   <subfield code="a">Điền Y</subfield>
   <subfield code="e">Lời</subfield>
  </datafield>
  <datafield tag="700" ind1="1" ind2=" ">
   <subfield code="a">Chu Quang Ngọc</subfield>
   <subfield code="e">Tranh</subfield>
  </datafield>
  <datafield tag="700" ind1="1" ind2=" ">
   <subfield code="a">Uông Ngọc Sơn</subfield>
   <subfield code="e">Tranh</subfield>
  </datafield>
  <datafield tag="700" ind1="1" ind2=" ">
   <subfield code="a">Phùng Mặc Nông</subfield>
   <subfield code="e">Tranh</subfield>
  </datafield>
  <datafield tag="700" ind1="1" ind2=" ">
   <subfield code="a">Trần Đình Chiến </subfield>
   <subfield code="e">Dịch</subfield>
  </datafield>
  <datafield tag="942" ind1=" " ind2=" ">
   <subfield code="2">ddc</subfield>
   <subfield code="c">BK</subfield>
  </datafield>
  <datafield tag="952" ind1=" " ind2=" ">
   <subfield code="0">0</subfield>
   <subfield code="1">0</subfield>
   <subfield code="2">ddc</subfield>
   <subfield code="4">0</subfield>
   <subfield code="6">895_100000000000000_TR513_T_38</subfield>
   <subfield code="7">0</subfield>
   <subfield code="9">30837</subfield>
   <subfield code="a">000001</subfield>
   <subfield code="b">000001</subfield>
   <subfield code="d">2025-05-24</subfield>
   <subfield code="o">895.1 Tr513/T.38</subfield>
   <subfield code="p">TK.05533</subfield>
   <subfield code="r">2025-05-24</subfield>
   <subfield code="v">11500.00</subfield>
   <subfield code="w">2025-05-24</subfield>
   <subfield code="y">BK</subfield>
  </datafield>
  <datafield tag="980" ind1=" " ind2=" ">
   <subfield code="a">Thư viện Trường Đại học Nam Cần Thơ</subfield>
  </datafield>
 </record>
</collection>
